00460 a2200145 4500010001400000020002300014035001300037037001500050082001300065100002700078245008300105260005000188270005100238300002500289 aENG-85986 a0070620857c125.00 aEN-69519 bDBAD / PUB14a332.6323 aParameswaran, Sunil K.1 aBond valuation, yield measures and the term structurecby Sunil K.Parameswaran aNew DelhibTata Mc-Graw Hill Publishingc2007 a7, West Patel NagarbNew DelhicDelhie110 008 aix, 85p.c22cm (pbk)